[Event "Solingen-ch 2017"]
[Site "Solingen"]
[Date "2017.11.03"]
[Round "4.4"]
[White "Schockenbäumer, Dirk"]
[Black "Borchert, Stephan"]
[Result "1/2-1/2"]
[WhiteElo "2155"]
[BlackElo "1914"]
[PlyCount "102"]
[EventDate "2017.??.??"]
[WhiteTeam "SG Solingen"]
[BlackTeam "SG Solingen"]

1. e4 e5 2. Nf3 Nc6 3. Bb5 a6 4. Ba4 Nf6 5. O-O Be7 6. Re1 b5 7. Bb3 O-O 8. d3
d6 9. c3 Na5 10. Bc2 c5 11. Nbd2 Qc7 12. Nf1 Nc6 13. Ne3 g6 14. Nd5 Nxd5 15.
exd5 Nb8 16. Bh6 Re8 17. a4 Bb7 18. axb5 axb5 19. Rxa8 Bxa8 20. c4 Bb7 21. b4
cxb4 22. Bb3 bxc4 23. Bxc4 Na6 24. Qa4 Ra8 25. Rc1 Nc5 26. Qxb4 Qa5 27. Qb1 Bc8
28. h3 Bf5 29. g4 Bd7 30. Bd2 Qd8 31. d4 exd4 32. Nxd4 Rb8 33. Qc2 Ba4 34. Qa2
Bf6 35. Be3 Qe8 36. Nc6 Rb2 37. Qa3 Bxc6 38. Bxc5 dxc5 39. dxc6 Qxc6 40. Qd3
Bd4 41. Bxf7+ Kxf7 42. Qxd4 cxd4 43. Rxc6 d3 44. Rd6 Rb3 45. Kg2 Ke7 46. Rd4
Ke6 47. Kf3 Ke5 48. Rd7 h5 49. gxh5 gxh5 50. h4 Rb4 51. Rxd3 Rxh4 1/2-1/2

[Event "Solingen-ch 2017"]
[Site "Solingen"]
[Date "2017.10.24"]
[Round "4.5"]
[White "Alexopoulos, Dr. Spiros"]
[Black "Flesch, Dr. Stefan"]
[Result "1/2-1/2"]
[WhiteElo "1883"]
[BlackElo "2097"]
[PlyCount "59"]
[EventDate "2017.??.??"]
[WhiteTeam "Aachener SV"]
[BlackTeam "SG Solingen"]

1. e4 g6 2. d4 Bg7 3. Nf3 d6 4. h3 a6 5. Bd3 Nd7 6. O-O e6 7. a4 b6 8. Re1 Ne7
9. c3 O-O 10. Na3 Bb7 11. Bg5 h6 12. Bd2 c5 13. Nc2 e5 14. d5 f5 15. c4 Nf6 16.
b4 Bc8 17. bxc5 bxc5 18. Rb1 f4 19. Nh2 h5 20. f3 Nh7 21. a5 Bd7 22. Rb6 Nc8
23. Rb7 Bf6 24. Qb1 Bh4 25. Rd1 Ng5 26. Bf1 Bg3 27. Be1 Bxe1 28. Nxe1 Ba4 29.
Rd2 Rf7 30. Rxf7 1/2-1/2

[Event "Solingen-ch 2017"]
[Site "Solingen"]
[Date "2017.11.03"]
[Round "4.6"]
[White "Oler, Gürkan"]
[Black "Kesseler, Heiko"]
[Result "1-0"]
[WhiteElo "1879"]
[BlackElo "2096"]
[PlyCount "115"]
[EventDate "2017.??.??"]
[WhiteTeam "SC Erkrath"]
[BlackTeam "Düsseldorfer SK"]

1. d4 Nf6 2. Nf3 e6 3. e3 b6 4. Bd3 Bb7 5. O-O Be7 6. b3 O-O 7. Bb2 d5 8. Nbd2
Nbd7 9. Ne5 c5 10. Qf3 Rc8 11. Rac1 Qc7 12. Nxd7 Qxd7 13. Qf4 Rfd8 14. Nf3 Qe8
15. Nd2 b5 16. dxc5 a5 17. a3 Rxc5 18. Bd4 Rcc8 19. Bb2 Bd6 20. Qg5 h6 21. Qh4
e5 22. Bf5 Rc7 23. e4 d4 24. f4 exf4 25. Bxd4 Be7 26. Qxf4 Rcd7 27. c3 b4 28.
Nc4 bxa3 29. Nxa5 Ba6 30. Rfe1 Rxd4 31. cxd4 Rxd4 32. Nc6 Rd3 33. Nxe7+ Qxe7
34. Qb8+ Rd8 35. Qb6 Rd6 36. Qb8+ Qd8 37. Qxd8+ Rxd8 38. Ra1 g6 39. Rxa3 Bd3
40. e5 gxf5 41. exf6 Be4 42. Ra2 Kh7 43. b4 Rb8 44. Rb2 h5 45. Re3 Kg6 46. Kf2
Kxf6 47. Rc3 h4 48. g3 Rh8 49. b5 hxg3+ 50. Kxg3 Ke5 51. h4 Rg8+ 52. Kh3 f4 53.
b6 f3 54. b7 Rb8 55. Rc8 Rxb7 56. Re8+ Kf4 57. Rxe4+ Kxe4 58. Rxb7 1-0

[Event "Solingen-ch 2017"]
[Site "Solingen"]
[Date "2017.11.03"]
[Round "4.7"]
[White "Speck, Stefan"]
[Black "Lux, Andreas"]
[Result "1-0"]
[WhiteElo "2006"]
[BlackElo "1893"]
[PlyCount "57"]
[EventDate "2017.??.??"]
[WhiteTeam "SC Solingen 28"]
[BlackTeam "vereinslos"]

1. d4 Nf6 2. Nf3 g6 3. Nc3 Bg7 4. e4 d6 5. h3 O-O 6. Bg5 c6 7. Bd3 Nbd7 8. e5
dxe5 9. dxe5 Nd5 10. Nxd5 cxd5 11. Qe2 Nc5 12. O-O-O Qc7 13. g4 b6 14. Rhe1
Nxd3+ 15. Qxd3 e6 16. Bf6 Bxf6 17. exf6 Qf4+ 18. Rd2 Qxf6 19. Ne5 a6 20. Qg3
Qe7 21. f4 f6 22. Nd3 Qc7 23. Qh4 Bd7 24. f5 gxf5 25. gxf5 e5 26. Nf4 Bxf5 27.
Nxd5 Qd6 28. Rf1 Qe6 29. Rxf5 1-0

[Event "Solingen-ch 2017"]
[Site "Solingen"]
[Date "2017.11.03"]
[Round "4.8"]
[White "Große-Hering, Peter"]
[Black "Riesen, Peter"]
[Result "0-1"]
[WhiteElo "1957"]
[BlackElo "1801"]
[PlyCount "66"]
[EventDate "2017.??.??"]
[WhiteTeam "SV Horst-Emscher"]
[BlackTeam "Klub Kölner SF"]

1. Nf3 Nf6 2. g3 g6 3. Bg2 Bg7 4. d3 d6 5. e4 e5 6. O-O O-O 7. h3 h6 8. Nbd2
Be6 9. Re1 Nbd7 10. Nf1 Ne8 11. Nh4 c6 12. Be3 Kh7 13. Qd2 d5 14. d4 dxe4 15.
Bxe4 f5 16. Bg2 e4 17. Bh1 g5 18. Ng2 Nef6 19. h4 Nd5 20. hxg5 Nxe3 21. g6+
Kxg6 22. Nf4+ Kf7 23. Nxe6 Kxe6 24. Nxe3 Nf6 25. c4 Qd7 26. Bg2 h5 27. Nxf5
Kxf5 28. Bh3+ Ng4 29. Qf4+ Kg6 30. Qxe4+ Qf5 31. Rad1 Qxe4 32. Rxe4 Nxf2 33.
Re6+ Kh7 0-1

[Event "Solingen-ch 2017"]
[Site "Solingen"]
[Date "2017.11.03"]
[Round "4.9"]
[White "Vranidis, Athanassios"]
[Black "Falk, Thomas"]
[Result "1-0"]
[WhiteElo "1943"]
[BlackElo "1536"]
[PlyCount "89"]
[EventDate "2017.??.??"]
[WhiteTeam "SG Solingen"]
[BlackTeam "Elberfelder SG"]

1. d4 e6 2. c4 f5 3. g3 Nf6 4. Bg2 c6 5. Nf3 d5 6. b3 Bd6 7. O-O Qe7 8. Bb2 O-O
9. Nbd2 Nbd7 10. Ne5 Bxe5 11. dxe5 Ne4 12. Rc1 a5 13. Nxe4 fxe4 14. Qd2 c5 15.
cxd5 exd5 16. Qxd5+ Kh8 17. Qxe4 a4 18. Qd5 axb3 19. axb3 Ra2 20. Rc2 Rf5 21.
f4 Nf8 22. Bh3 Be6 23. Qd6 Rf7 24. Bxe6 Nxe6 25. Qxe7 Rxe7 26. Ra1 Rxa1+ 27.
Bxa1 Rd7 28. Bb2 Kg8 29. Kf2 Kf7 30. f5 Ng5 31. e6+ Nxe6 32. fxe6+ Kxe6 33.
Rxc5 Rf7+ 34. Kg2 g6 35. e3 Re7 36. Bd4 Rf7 37. b4 Kd6 38. Be5+ Ke6 39. Bf4 Rd7
40. h4 Rf7 41. Rc7 Rxc7 42. Bxc7 Kd5 43. Kf3 Kc4 44. Bd6 Kd5 45. Bf8 1-0

[Event "Solingen-ch 2017"]
[Site "Solingen"]
[Date "2017.11.03"]
[Round "4.10"]
[White "Boschek, Dr. Hans-Joachim"]
[Black "Rist, Kurt"]
[Result "1-0"]
[WhiteElo "1915"]
[BlackElo "1706"]
[PlyCount "85"]
[EventDate "2017.??.??"]
[WhiteTeam "SG Solingen"]
[BlackTeam "SG Solingen"]

1. d4 f5 2. Nc3 e6 3. e4 Bb4 4. exf5 exf5 5. Bd3 Qe7+ 6. Nge2 d6 7. O-O Nf6 8.
Bg5 c6 9. Re1 O-O 10. Ng3 Qf7 11. Nxf5 Bxf5 12. Bxf5 Kh8 13. Re3 Nbd7 14. Qd3
d5 15. Rh3 Rae8 16. Bxh7 Nh5 17. Be3 Re6 18. Rf3 Qe7 19. Rxf8+ Nxf8 20. Bf5 Nf4
21. Qd2 Rf6 22. Bxf4 Rxf5 23. Re1 Qf7 24. Bg3 c5 25. Qe3 cxd4 26. Qxd4 a5 27.
Re5 Bxc3 28. Rxf5 Qxf5 29. Qxc3 b6 30. h3 Ng6 31. Qd3 Qe6 32. Qe3 Qc6 33. c3 a4
34. h4 Nf8 35. Be5 Kg8 36. Qg5 Ne6 37. Qg6 Qd7 38. Qg4 Qe8 39. h5 b5 40. Qf5
Nc5 41. Bd4 Qe1+ 42. Kh2 Nd3 43. Qxd3 1-0

[Event "Solingen-ch 2017"]
[Site "Solingen"]
[Date "2017.11.03"]
[Round "4.14"]
[White "Erkay, Ali-Necip"]
[Black "Schubert, Stefan"]
[Result "1-0"]
[WhiteElo "1955"]
[BlackElo "1641"]
[PlyCount "69"]
[EventDate "2017.??.??"]
[WhiteTeam "SG Solingen"]
[BlackTeam "SG Solingen"]

1. d4 Nf6 2. c4 g6 3. Nc3 Bg7 4. e4 d6 5. Be2 O-O 6. Bg5 Nc6 7. d5 Ne5 8. Qd2
c5 9. f4 Ned7 10. Nf3 h6 11. Bh4 Nb6 12. h3 a5 13. O-O a4 14. Rad1 Nbd7 15. Bd3
Qe8 16. Bc2 Nb6 17. Bd3 e5 18. fxe5 dxe5 19. Nb5 Qd8 20. Nxe5 g5 21. Bg3 Nh5
22. Bh2 Nd7 23. Nf3 f6 24. g4 Nf4 25. Bxf4 gxf4 26. Qxf4 Ne5 27. Nxe5 fxe5 28.
Qe3 Qb6 29. Rxf8+ Bxf8 30. Rf1 Bd7 31. Qf2 Bxb5 32. cxb5 Qd6 33. Qf7+ Kh8 34.
Rf6 Qb8 35. Rg6 1-0

[Event "Solingen-ch 2017"]
[Site "Solingen"]
[Date "2017.11.03"]
[Round "4.16"]
[White "Ipekyilmaz, Mert"]
[Black "Fränzel, Dr. Marius"]
[Result "0-1"]
[WhiteElo "1635"]
[BlackElo "1787"]
[PlyCount "78"]
[EventDate "2017.??.??"]
[WhiteTeam "Langenfelder SF"]
[BlackTeam "SG Solingen"]

1. e4 e5 2. Nf3 Nc6 3. Nc3 Nf6 4. d4 exd4 5. Nxd4 d6 6. Bg5 Be7 7. Qd2 Nxe4 8.
Nxe4 Bxg5 9. Nxg5 Nxd4 10. Nxf7 Qe7+ 11. Kd1 Qxf7 12. Qxd4 O-O 13. Bc4 Be6 14.
Bxe6 Qxe6 15. Re1 Qf7 16. f3 c5 17. Qe3 Rae8 18. Qd2 Qf6 19. c3 d5 20. Qxd5+
Kh8 21. Qxc5 Rd8+ 22. Ke2 b6 23. Qf2 Qe5+ 24. Kf1 Qxh2 25. Rad1 Rde8 26. Qg1
Qh5 27. Rxe8 Rxe8 28. Qf2 Qh1+ 29. Qg1 Qh5 30. Rd2 Qh4 31. g3 Qc4+ 32. Kg2 Qxa2
33. Qd4 Qe6 34. Qd8 h6 35. Qc7 Qe1 36. Rd7 Qe2+ 37. Kh3 Qxf3 38. Rxg7 Qh5+ 39.
Kg2 Re2+ 0-1

[Event "Solingen-ch 2017"]
[Site "Solingen"]
[Date "2017.11.03"]
[Round "4.18"]
[White "Zimdars, Wolfgang"]
[Black "Falge, Rainer"]
[Result "1/2-1/2"]
[WhiteElo "1626"]
[BlackElo "1763"]
[PlyCount "89"]
[EventDate "2017.??.??"]
[WhiteTeam "SG Solingen"]
[BlackTeam "SG Solingen"]

1. d4 d6 2. Nf3 Nf6 3. e3 g6 4. Bd3 Bg7 5. O-O O-O 6. Nbd2 c6 7. Qe2 Nbd7 8. c3
c5 9. Rd1 cxd4 10. exd4 Re8 11. Nf1 e5 12. dxe5 Nxe5 13. Nxe5 Rxe5 14. Qc2 d5
15. Bf4 Re8 16. Re1 Be6 17. Be5 Rc8 18. Ng3 Ng4 19. Bxg7 Kxg7 20. h3 Nf6 21.
Qa4 a6 22. Qd4 Kg8 23. Rad1 Nd7 24. Qf4 Qf6 25. Qxf6 Nxf6 26. Ne2 Ne4 27. Nd4
Nc5 28. Bc2 Bd7 29. Nf3 Rxe1+ 30. Rxe1 Ne6 31. Bb3 Bc6 32. Rd1 Rd8 33. Nd4 Nxd4
34. Rxd4 Rd7 35. Kh2 b5 36. a3 Kf8 37. Kg3 f5 38. h4 Kf7 39. f3 Kf6 40. f4 Ke6
41. Rd2 Kd6 42. Kf2 Re7 43. Re2 Re4 44. g3 Bd7 45. Rd2 1/2-1/2

[Event "Solingen-ch 2017"]
[Site "Solingen"]
[Date "2017.11.03"]
[Round "4.19"]
[White "Foitzik, Peter"]
[Black "Ipekyilmaz, Tayfun"]
[Result "1/2-1/2"]
[WhiteElo "1624"]
[BlackElo "1739"]
[PlyCount "100"]
[EventDate "2017.??.??"]
[WhiteTeam "Godesberger SK"]
[BlackTeam "Langenfelder SF"]

1. e4 e5 2. Nc3 Bc5 3. Bc4 Nf6 4. d3 Nc6 5. Bg5 h6 6. Bh4 g5 7. Bg3 d6 8. h3
Na5 9. a3 Nxc4 10. dxc4 Be6 11. Qe2 a5 12. Nd5 c6 13. Nxf6+ Qxf6 14. Nf3 Qg6
15. O-O-O O-O-O 16. Nd2 f5 17. f3 Rhf8 18. c3 g4 19. Bh4 Rd7 20. Rhf1 gxh3 21.
gxh3 f4 22. Bf2 Bxf2 23. Rxf2 Bxh3 24. Rh2 Be6 25. Rdh1 Rh8 26. Qf2 Kb8 27. Qb6
Rg7 28. Qxa5 h5 29. Qb4 Rd7 30. Nb3 h4 31. Na5 c5 32. Qb6 Kc8 33. Qa7 Qg7 34.
Qa8+ Kc7 35. Qxb7+ Kd8 36. Qb6+ Ke8 37. Rd2 Qe7 38. Rhd1 h3 39. Qb8+ Rd8 40.
Qb5+ Bd7 41. Nc6 Qf6 42. Qb7 Bc8 43. Qc7 h2 44. Rh1 Qg5 45. Qxd8+ Qxd8 46. Nxd8
Kxd8 47. Rdxh2 Rg8 48. Rh8 Rxh8 49. Rxh8+ Kc7 50. b4 Be6 1/2-1/2

[Event "Solingen-ch 2017"]
[Site "Solingen"]
[Date "2017.11.03"]
[Round "4.20"]
[White "Ehringfeld, Michael"]
[Black "Skiber, Friedel"]
[Result "1-0"]
[WhiteElo "1569"]
[BlackElo "1730"]
[PlyCount "105"]
[EventDate "2017.??.??"]
[WhiteTeam "SG Solingen"]
[BlackTeam "SG Solingen"]

1. d4 g6 2. Nf3 Bg7 3. g3 b6 4. Bg2 Bb7 5. O-O d6 6. b3 Nd7 7. Bb2 c5 8. Re1
Nh6 9. c3 O-O 10. Nbd2 e5 11. Qc2 Rc8 12. dxe5 dxe5 13. e4 Ba6 14. Rad1 Qe7 15.
Ba3 b5 16. c4 b4 17. Bb2 Nb8 18. Bh3 Rcd8 19. Nf1 Nc6 20. Ne3 Nd4 21. Nxd4 exd4
22. Nd5 Qe5 23. f4 Qh5 24. Kg2 Ng4 25. Bxg4 Qxg4 26. a3 bxa3 27. Bxa3 d3 28.
Rxd3 Bd4 29. Rxd4 cxd4 30. Nf6+ Kg7 31. Nxg4 Rfe8 32. Rd1 Bb7 33. Nf2 d3 34.
Bb2+ f6 35. Qc3 Re6 36. Rxd3 Rde8 37. Kh3 Bc8 38. g4 h5 39. g5 Rxe4+ 40. Kg3
h4+ 41. Kf3 R4e6 42. gxf6+ Kf7 43. c5 Bb7+ 44. Kg4 Bc8 45. Qc4 Rh8 46. Re3 Rg8
47. Ne4 Kf8 48. Kxh4 Rh8+ 49. Kg3 Rh3+ 50. Kf2 Rxh2+ 51. Kf3 Rxb2 52. Qd4 Bb7
53. Qxb2 1-0

[Event "Solingen-ch 2017"]
[Site "Solingen"]
[Date "2017.11.03"]
[Round "4.22"]
[White "Fodor, Bernhard"]
[Black "Littek, Oliver"]
[Result "1/2-1/2"]
[WhiteElo "1291"]
[BlackElo "1595"]
[PlyCount "55"]
[EventDate "2017.??.??"]
[WhiteTeam "SG Solingen"]
[BlackTeam "SG Solingen"]

1. f4 d5 2. Nf3 Nf6 3. d3 Nc6 4. g3 Bf5 5. Bg2 h6 6. a3 e6 7. b4 a6 8. O-O Be7
9. Nc3 O-O 10. Ra2 Re8 11. Re1 Bf8 12. e3 Bg4 13. Ne2 e5 14. h3 Bf5 15. Nh4 Bd7
16. c3 e4 17. dxe4 dxe4 18. Rd2 Qc8 19. Nd4 Nxd4 20. Rxd4 Bxh3 21. Qc2 Nh5 22.
Bxh3 Qxh3 23. Qg2 Qxg3 24. Qxg3 Nxg3 25. Kg2 Nh5 26. Rg1 Rad8 27. Kh3 Rxd4 28.
cxd4 1/2-1/2

[Event "Solingen-ch 2017"]
[Site "Solingen"]
[Date "2017.11.03"]
[Round "4.23"]
[White "Gropp, Justus"]
[Black "Schubert, Florian"]
[Result "1-0"]
[WhiteElo "1206"]
[BlackElo "1297"]
[PlyCount "37"]
[EventDate "2017.??.??"]
[WhiteTeam "Langenfelder SF"]
[BlackTeam "SG Solingen"]

1. e4 e5 2. Nf3 Nc6 3. Bc4 Bc5 4. d3 Nf6 5. Bg5 O-O 6. Nc3 d6 7. h3 a6 8. Nd5
b5 9. Bb3 Nd4 10. Nxd4 exd4 11. a3 Be6 12. Nxf6+ gxf6 13. Bh6 Re8 14. Bxe6 Kh8
15. Bxf7 Re7 16. Bd5 Rc8 17. Qf3 c6 18. Qxf6+ Rg7 19. Bxg7# 1-0

[Event "Solingen-ch 2017"]
[Site "Solingen"]
[Date "2017.11.09"]
[Round "5.1"]
[White "Kniest, Oliver"]
[Black "Schneider, Bernd"]
[Result "1/2-1/2"]
[WhiteElo "2300"]
[BlackElo "2372"]
[PlyCount "28"]
[EventDate "2017.??.??"]
[EventCountry "GER"]
[WhiteTeam "SG Solingen"]
[BlackTeam "Bochumer SV"]

1. d4 g6 2. c4 Bg7 3. Nf3 d6 4. g3 Nf6 5. Bg2 O-O 6. O-O Nc6 7. Nc3 e5 8. dxe5
dxe5 9. Qxd8 Rxd8 10. Bg5 Be6 11. Nd2 h6 12. Bxf6 Bxf6 13. Nd5 Bxd5 14. cxd5
Nb4 1/2-1/2

[Event "Solingen-ch 2017"]
[Site "Solingen"]
[Date "2017.11.17"]
[Round "5.2"]
[White "Bashylina, Luisa"]
[Black "Lemanczyk, Thomas"]
[Result "0-1"]
[WhiteElo "1619"]
[BlackElo "2244"]
[PlyCount "84"]
[EventDate "2017.??.??"]
[EventCountry "GER"]
[WhiteTeam "SG Solingen"]
[BlackTeam "SG Solingen"]

1. e4 c5 2. Nf3 e6 3. d4 cxd4 4. Nxd4 Nc6 5. Nxc6 bxc6 6. Be3 Nf6 7. Bd3 d5 8.
Nd2 e5 9. f3 Bd6 10. O-O O-O 11. Qe1 Nh5 12. Nb3 Re8 13. Rd1 Nf4 14. Bxf4 exf4
15. Qc3 Qb6+ 16. Kh1 Be5 17. Qd2 Be6 18. Rfe1 Bxb2 19. Qxf4 Bc3 20. Re2 g6 21.
Qe3 Qxe3 22. Rxe3 d4 23. Re2 a5 24. a4 Rab8 25. Nc5 Rb4 26. Rf2 Bc8 27. f4 f6
28. h3 Kg7 29. Kh2 Be6 30. Kg1 Ba2 31. Kh2 Re7 32. Kg1 Rb2 33. Rff1 Bb4 34. Na6
Ba3 35. Kh2 c5 36. Ra1 c4 37. Be2 d3 38. Bf3 dxc2 39. Rfc1 Bd6 40. e5 fxe5 41.
Be4 Bb3 42. f5 Ra7 0-1

[Event "Solingen-ch 2016"]
[Site "Solingen"]
[Date "2017.11.17"]
[Round "5.3"]
[White "Zolfagharian, Kevin"]
[Black "Boschek, Dr. Hans-Joachim"]
[Result "1-0"]
[WhiteElo "2156"]
[BlackElo "1915"]
[PlyCount "109"]
[EventDate "2017.??.??"]
[WhiteTeam "SG Solingen"]
[BlackTeam "SG Solingen"]

1. e4 e5 2. Nf3 Nf6 3. Nxe5 d6 4. Nf3 Nxe4 5. Nc3 Nxc3 6. dxc3 Be7 7. Bf4 Nc6
8. Qd2 Be6 9. Bb5 h6 10. O-O-O a6 11. Ba4 b5 12. Bb3 Bxb3 13. cxb3 Qd7 14. Qd5
O-O 15. Rhg1 Bf6 16. g4 Ne7 17. Qd2 Ng6 18. Be3 Rae8 19. Nd4 Bxd4 20. Bxd4 Qe7
21. g5 h5 22. Rde1 Qd7 23. c4 Qf5 24. Bc3 b4 25. Bxb4 Ne5 26. Qc2 Qf4+ 27. Bd2
Qxf2 28. Ref1 Qe2 29. Bc3 Qxc2+ 30. Kxc2 Ng4 31. Re1 Nxh2 32. Rh1 Nf3 33. Ref1
Nxg5 34. Rxh5 f6 35. Kd3 Re7 36. Bd2 Nf7 37. Ra5 Ne5+ 38. Kc3 Ra8 39. b4 Ree8
40. Re1 Reb8 41. a3 Kf7 42. Rd5 Nf3 43. Rd1 Re8 44. c5 Nxd2 45. R1xd2 Re5 46.
Rxe5 fxe5 47. cxd6 cxd6 48. Rxd6 g5 49. Kd3 g4 50. Ke4 Rg8 51. Kxe5 g3 52. Rd1
g2 53. Rg1 Rg5+ 54. Kf4 Kf6 55. Kf3 1-0

[Event "Solingen-ch 2017"]
[Site "Solingen"]
[Date "2017.11.17"]
[Round "5.4"]
[White "Borchert, Stephan"]
[Black "Speck, Stefan"]
[Result "0-1"]
[WhiteElo "1914"]
[BlackElo "2006"]
[PlyCount "74"]
[EventDate "2017.??.??"]
[EventCountry "GER"]
[WhiteTeam "SG Solingen"]
[BlackTeam "SC Solingen 28"]

1. e4 c5 2. Nf3 e6 3. d4 cxd4 4. Nxd4 Nc6 5. Nc3 Qc7 6. Be3 a6 7. a3 b5 8. Nxc6
Qxc6 9. Qd4 Qd6 10. O-O-O Qxd4 11. Bxd4 d6 12. f3 Nf6 13. g4 Be7 14. Ne2 O-O
15. Ng3 Bb7 16. Bc3 Rac8 17. Bb4 Rfd8 18. Be2 Rd7 19. g5 Ne8 20. f4 d5 21. Bc3
Bxa3 22. Bxg7 Nxg7 23. bxa3 Rdc7 24. Bd3 dxe4 25. Nxe4 Bxe4 26. Bxe4 Nf5 27.
Rhe1 Rc3 28. Kb2 Ne3 29. Rd8+ Rxd8 30. Kxc3 Nd5+ 31. Bxd5 Rxd5 32. Re2 Kg7 33.
Re4 Kg6 34. Kb4 Kf5 35. Re5+ Rxe5 36. fxe5 Kxe5 37. Ka5 Kd4 0-1

[Event "Solingen-ch 2017"]
[Site "Solingen"]
[Date "2017.11.17"]
[Round "5.5"]
[White "Riesen, Peter"]
[Black "Vranidis, Athanassios"]
[Result "1/2-1/2"]
[WhiteElo "1801"]
[BlackElo "1943"]
[PlyCount "73"]
[EventDate "2017.??.??"]
[EventCountry "GER"]
[WhiteTeam "Klub Kölner SF"]
[BlackTeam "SG Solingen"]

1. e4 c5 2. c3 Nf6 3. e5 Nd5 4. d4 cxd4 5. Nf3 Nc6 6. cxd4 d6 7. Bc4 Nb6 8. Bb5
dxe5 9. Nxe5 Bd7 10. Nxd7 Qxd7 11. Nc3 e6 12. O-O Be7 13. Qg4 O-O 14. Rd1 Nd5
15. Bh6 Bf6 16. Ne4 Qe7 17. Nxf6+ Qxf6 18. Bg5 Qg6 19. Bxc6 bxc6 20. Qg3 Rab8
21. b3 Rb4 22. a3 Rb5 23. b4 Rc8 24. Bf4 Qxg3 25. Bxg3 a5 26. bxa5 Rxa5 27. Bd6
Rd8 28. Bc5 Rb8 29. Rdb1 Rbb5 30. Kf1 h6 31. Ke1 Nf4 32. Kf1 Nd5 33. g3 Ra4 34.
Rxb5 cxb5 35. Rb1 Ra5 36. Ke1 f6 37. Kd2 1/2-1/2

[Event "Solingen-ch 2017"]
[Site "Solingen"]
[Date "2017.11.17"]
[Round "5.7"]
[White "Kaiser, Stephan"]
[Black "Boos, Markus"]
[Result "0-1"]
[WhiteElo "1811"]
[BlackElo "2185"]
[PlyCount "48"]
[EventDate "2017.??.??"]
[EventCountry "GER"]
[WhiteTeam "SG Solingen"]
[BlackTeam "SF Vonkeln"]

1. d4 Nf6 2. c4 c5 3. Nf3 cxd4 4. Nxd4 e5 5. Nf3 e4 6. Nd4 d5 7. e3 Bb4+ 8. Bd2
Bd6 9. Nc3 dxc4 10. Bxc4 O-O 11. O-O Bxh2+ 12. Kxh2 Ng4+ 13. Kg3 Qc7+ 14. f4
exf3+ 15. Kxf3 Qxc4 16. Qb3 Nh2+ 17. Kf2 Qxb3 18. Nxb3 Nxf1 19. Rxf1 Be6 20.
Nd4 Nc6 21. a3 Ne5 22. Kg1 Nc4 23. Bc1 Rac8 24. b3 Nxe3 0-1

[Event "Solingen-ch 2017"]
[Site "Solingen"]
[Date "2017.11.17"]
[Round "5.10"]
[White "Rist, Kurt"]
[Black "Görke, Joachim"]
[Result "0-1"]
[WhiteElo "1706"]
[BlackElo "2115"]
[PlyCount "64"]
[EventDate "2017.??.??"]
[EventCountry "GER"]
[WhiteTeam "SG Solingen"]
[BlackTeam "SG Solingen"]

1. g4 d5 2. h3 e5 3. Bg2 Bc5 4. Nf3 e4 5. Ng1 h5 6. d4 Bd6 7. g5 h4 8. Be3 Ne7
9. Nc3 c6 10. Qd2 Nf5 11. O-O-O Nxe3 12. fxe3 Qxg5 13. Bxe4 dxe4 14. Nxe4 Qe7
15. Nxd6+ Qxd6 16. Nf3 Bf5 17. Rdg1 Nd7 18. Qa5 Qd5 19. Qa3 g6 20. Nd2 Nf6 21.
c4 Qe6 22. Rf1 Qe7 23. Qb3 O-O-O 24. Rf4 Rhe8 25. Rf3 Ne4 26. Nf1 Qg5 27. Kd1
Be6 28. Qa3 Kb8 29. Qd3 Bf5 30. Qb3 Rd7 31. Rf4 Rxd4+ 32. exd4 Qxf4 0-1

[Event "Solingen-ch 2017"]
[Site "Solingen"]
[Date "2017.11.17"]
[Round "5.11"]
[White "Kesseler, Heiko"]
[Black "Ehringfeld, Michael"]
[Result "1-0"]
[WhiteElo "2096"]
[BlackElo "1569"]
[PlyCount "71"]
[EventDate "2017.??.??"]
[EventCountry "GER"]
[WhiteTeam "Düsseldorfer SK"]
[BlackTeam "SG Solingen"]

1. e4 e6 2. d4 d5 3. Nc3 Bb4 4. e5 Ne7 5. Bd2 Bd7 6. a3 Bxc3 7. Bxc3 c5 8. dxc5
Qc7 9. Nf3 Nbc6 10. Bd3 Ng6 11. Bxg6 hxg6 12. Qd2 O-O-O 13. O-O-O Rdf8 14. g3
f6 15. Rde1 Nd8 16. Nh4 Rh6 17. exf6 Rxh4 18. fxg7 Rg8 19. gxh4 Qxc5 20. Qg5
Bc6 21. Bb4 Qc4 22. Qe7 Ba4 23. b3 Bxb3 24. Qc5+ Qxc5 25. Bxc5 b6 26. Bf8 Ba4
27. Rhg1 Be8 28. Rg5 Kd7 29. Rxd5+ exd5 30. Re7+ Kc6 31. Rxe8 Nf7 32. Re6+ Kb5
33. Rxg6 Ne5 34. Rg5 Nd7 35. Rxd5+ Kc6 36. Rf5 1-0

[Event "Solingen-ch 2017"]
[Site "Solingen"]
[Date "2017.11.17"]
[Round "5.12"]
[White "Falk, Thomas"]
[Black "Große-Hering, Peter"]
[Result "0-1"]
[WhiteElo "1536"]
[BlackElo "1957"]
[PlyCount "72"]
[EventDate "2017.??.??"]
[EventCountry "GER"]
[WhiteTeam "Elberfelder SG"]
[BlackTeam "SV Horst-Emscher"]

1. d4 Nf6 2. Bf4 g6 3. Nf3 Bg7 4. e3 O-O 5. Be2 d6 6. O-O Nfd7 7. h3 e5 8. Bh2
e4 9. Nfd2 f5 10. c4 Nc6 11. Nc3 Nf6 12. a3 g5 13. b4 Kh8 14. Rb1 Ne7 15. Qc2
Ng6 16. d5 h5 17. Nb5 g4 18. hxg4 hxg4 19. Bf4 Nxf4 20. exf4 Qe7 21. g3 e3 22.
Nb3 Ne4 23. Kg2 Nxf2 24. Rxf2 exf2 25. Rh1+ Kg8 26. Bxg4 a6 27. N5d4 Bxd4 28.
Nxd4 fxg4 29. Ne6 Bxe6 30. dxe6 Rf6 31. Rh4 Qxe6 32. Qh7+ Kf8 33. Qh8+ Ke7 34.
Rh7+ Rf7 35. Rxf7+ Kxf7 36. Qxa8 Qe1 0-1

[Event "Solingen-ch 2017"]
[Site "Solingen"]
[Date "2017.11.10"]
[Round "5.13"]
[White "Meckel, Helmut"]
[Black "Erkay, Necip-Ali"]
[Result "0-1"]
[WhiteElo "1773"]
[BlackElo "1955"]
[PlyCount "138"]
[EventDate "2017.??.??"]
[EventCountry "GER"]
[WhiteTeam "SG Solingen"]
[BlackTeam "SG Solingen"]

1. Nc3 Nf6 2. e4 d5 3. e5 Nfd7 4. d4 c5 5. f4 e6 6. Nf3 Nc6 7. Be3 Be7 8. Qd2
cxd4 9. Nxd4 Nxd4 10. Bxd4 O-O 11. Be2 f5 12. exf6 Nxf6 13. O-O a6 14. Qe3 b5
15. Rf3 Ng4 16. Rg3 e5 17. Bxg4 exd4 18. Qxd4 Bxg4 19. Rxg4 Bf6 20. Qxd5+ Qxd5
21. Nxd5 Bxb2 22. Re1 Ra7 23. c3 Rd7 24. Rd1 Kf7 25. Rg3 Rfd8 26. Rb1 Rxd5 27.
Rxb2 Rd1+ 28. Kf2 R1d2+ 29. Rxd2 Rxd2+ 30. Kf1 Rxa2 31. Rd3 a5 32. Rd7+ Kf6 33.
Rb7 Rb2 34. Ra7 a4 35. c4 bxc4 36. Rxa4 c3 37. Rc4 c2 38. Ke1 c1=Q+ 39. Rxc1
Rxg2 40. Kf1 Rxh2 41. Rc6+ Kf5 42. Rc7 g6 43. Kg1 Rh4 44. Rf7+ Ke6 45. Rf8 Ke7
46. Ra8 Kf6 47. Ra7 h5 48. Ra6+ Kf5 49. Kg2 Rxf4 50. Kg3 Re4 51. Ra5+ Re5 52.
Ra6 Kg5 53. Kf3 Rf5+ 54. Kg3 h4+ 55. Kh3 Rf3+ 56. Kg2 Rg3+ 57. Kh2 Re3 58. Ra4
Kh5 59. Ra5+ g5 60. Ra4 Re5 61. Kg2 g4 62. Ra8 h3+ 63. Kg3 Re3+ 64. Kh2 Re2+
65. Kh1 Kh4 66. Ra3 g3 67. Ra1 Kg4 68. Kg1 h2+ 69. Kh1 Kh3 0-1

[Event "Solingen-ch 2017"]
[Site "Solingen"]
[Date "2017.11.17"]
[Round "5.14"]
[White "Lux, Andreas"]
[Black "von Häfen, Dieter"]
[Result "1/2-1/2"]
[WhiteElo "1893"]
[BlackElo "1630"]
[PlyCount "50"]
[EventDate "2017.??.??"]
[EventCountry "GER"]
[WhiteTeam "vereinslos"]
[BlackTeam "SV Hennef"]

1. d4 Nf6 2. Nf3 g6 3. c4 c5 4. Nc3 cxd4 5. Nxd4 e5 6. Nb3 d6 7. Bg5 Be7 8. e4
O-O 9. Bd3 Nxe4 10. Bxe7 Nxc3 11. Bxd8 Nxd1 12. Rxd1 Rxd8 13. Be4 Nc6 14. c5
dxc5 15. Rxd8+ Nxd8 16. Nxc5 Rb8 17. Bd5 Kg7 18. Kd2 b6 19. Nd3 f6 20. Rc1 Bb7
21. Rc7+ Kf8 22. Nb4 a5 23. Bxb7 Rxb7 24. Rxb7 Nxb7 25. Nd5 Nc5 1/2-1/2